Acta universitatis george bacovia, juridica

Detalles Bibliográficos
Formato: Electrónico Revista
Lenguaje:rumano
inglés
Publicado: Bacău, Romania : Editura Universităţii George Bacovia din Bacău România
Materias:
Acceso en línea:Full text available from Research Library: 01/01/2012 to present

MARC

LEADER 00000nas a2200000 a 4500
001 ssj0000912431
003 WaSeSS
005 20200512172242.0
006 m d
007 cr n
008 130705c20129999rm f| p|s|||||| |0rum d
022 |a 2285-1933  |l 2285-0171 
035 |a (WaSeSS)ssj0000912431 
040 |a WaSeSS  |c WaSeSS  |d WaSeSS 
041 |a rum  |a eng 
043 |a e-rm--- 
050 4 |a KKR500 
210 1 |a Acta Univ. George Bacovia, Jurid.  |b (Online) 
222 0 |a Acta Universitatis George Bacovia. Juridica  |b (Online) 
245 0 0 |a Acta universitatis george bacovia, juridica  |h [electronic resource]. 
260 |a Bacău, Romania :  |b Editura Universităţii George Bacovia din Bacău România 
310 |a Semiannual 
362 1 |a Began in Volume 1, Issue 1 (Jan./Jun. 2012). 
506 |a License restrictions may limit access. 
546 |a In Romanian and English. 
588 |a Description based on: Volume 1, Issue 1 (Jan./Jun. 2012); title from article pdf (CEEOL, viewed July 03, 2013). 
588 |a Latest issue consulted: Volume 1, Issue 2, 2012 (viewed July 03, 2013). 
650 0 |a Civil law  |z Romania  |v Periodicals. 
650 0 |a Law  |z Romania  |v Periodicals. 
650 0 |a Law  |v Periodicals. 
655 0 |a Electronic journals. 
776 0 8 |i Print version:  |t Acta universitatis george bacovia, juridica  |x 2285-0171 
856 4 0 |z Full text available from Research Library: 01/01/2012 to present  |u https://search.proquest.com/publication/2030029